banner-ar

البصمة الوراثية : (Record no. 60635)

MARC details
000 -الفاتح
حقل البيانات ثابتة الطول 01178nam a22002897a 4500
005 - وقت وتاريخ اخر تعامل مع التسجيلة
رقم الضبط 20240530110420.0
008 - عناصر البيانات ثابتة الطول - معلومات عامة
حقل البيانات ثابتة الطول 140915s2010 ua g 000 0 ara d
017 ## - رقم الايداع القانونى
رقم الايداع القانونى 2009/10569
المصدر ( الهيئة المختصة) مصر . دار الكتب المصرية
020 ## - الرقم الدولى المعيارى للكتب
الرقم الدولى المعيارى للكتاب 9789773286117
040 ## - مصدر الفهرسة
وكالة الفهرسة الأصلية EG-CaGPL
082 04 - رقم تصنيف ديوى العشرى
رقم الطبعة 21
رقم التصنيف 347.064\
رقم المادة أ ب
100 0# - المدخل الرئيسى - إسم شخصى
الإسم الشخصى انس حسن محمد ناجى
245 12 - بيان العنوان
العنوان البصمة الوراثية :
بقية العنوان ومدى مشروعيتها فى اثبات ونفى النسب فى ضوء الفقة الاسلامى والقانون الوضعى /
بيان المسئوليه,etc انس حسن محمد ناجى
260 ## - PUBLICATION, DISTRIBUTION, ETC. (IMPRINT)
تاريخ النشر أو التوزيع 2010
300 ## - الوصف المادى
التعداد 358 ص ؛
أبعاد الوعاء 24 سم
650 07 - المدخل الاضافى بالموضوع-مصطلح موضوعى
مصطلح موضوعي البصمات
التقسيم الفرعي العام الجوانب الوراثية
650 07 - المدخل الاضافى بالموضوع-مصطلح موضوعى
مصطلح موضوعي اثبات النسب
650 07 - المدخل الاضافى بالموضوع-مصطلح موضوعى
مصطلح موضوعي التلقيح الصناعى
650 07 - المدخل الاضافى بالموضوع-مصطلح موضوعى
مصطلح موضوعي اللعان
650 07 - المدخل الاضافى بالموضوع-مصطلح موضوعى
مصطلح موضوعي نفى النسب
650 07 - المدخل الاضافى بالموضوع-مصطلح موضوعى
مصطلح موضوعي ولد الزنا
650 07 - المدخل الاضافى بالموضوع-مصطلح موضوعى
مصطلح موضوعي الوراثة
التقسيم الفرعي العام العوامل المؤثرة فى
650 07 - المدخل الاضافى بالموضوع-مصطلح موضوعى
مصطلح موضوعي الوراثة
التقسيم الفرعي العام فروق
650 07 - المدخل الاضافى بالموضوع-مصطلح موضوعى
مصطلح موضوعي الهندسة الوراثية
942 ## - عناصر المدخل الإضافي( كوها)
مصدر التصنيف او مخطط الترفيف Dewey Decimal Classification
Koha [default] item type كتاب
260 ## - PUBLICATION, DISTRIBUTION, ETC. (IMPRINT)
-- الاسكندرية :
-- دار الجامعة الجديدة للنشر ،
Holdings
حالة التراجع حالة الفقد حالة تلف ليس للاعارة المكان المؤقت الموقع الحالى تاريخ الاكتساب اجمالي اﻻعارات رقم الطلب الباركود تاريخ اخر مشاهدة تاريخ تفعيل السعر نوع وعاء كوها
        مكتبة القاهرة الكبرى مكتبة القاهرة الكبرى 03/10/2015   347.064\ ا ب 159734 03/10/2015 03/10/2015 كتاب

Powered By

EGPV